Discurso pronunciado por José Cárdenas en la sesión del Congreso del día 7 de junio de 1878. (Record no. 40417)

MARC details
000 -LEADER
campo de control de longitud fija 00691nam a2200193 i 4500
001 - NÚMERO DE CONTROL
campo de control 40417
003 - IDENTIFICADOR DE NÚMERO DE CONTROL
campo de control ES-MaACL
005 - FECHA Y HORA DE LA ÚLTIMA TRANSACCIÓN
campo de control 20230906160221.0
007 - CAMPO FIJO DE DESCRIPCIÓN FÍSICA--INFORMACIÓN GENERAL
campo de control de longitud fija t|
008 - DATOS DE LONGITUD FIJA--INFORMACIÓN GENERAL
campo de control de longitud fija 030306s1878 sp ||||1| spa d
100 1# - ENTRADA PRINCIPAL--NOMBRE DE PERSONA
Nombre de persona Cárdenas, José de.
9 (RLIN) 35141
245 10 - MENCIÓN DEL TÍTULO
Título Discurso pronunciado por José Cárdenas en la sesión del Congreso del día 7 de junio de 1878.
260 ## - PUBLICACIÓN, DISTRIBUCIÓN, ETC.
Lugar de publicación, distribución, etc. Madrid :
Nombre del editor, distribuidor, etc. [s.n.,
Fecha de publicación, distribución, etc. 1878] (
Fabricante Tip. Estereotipia Perojo)
300 ## - DESCRIPCIÓN FÍSICA
Extensión 35 p. ;
Dimensiones 25 cm.
500 ## - NOTA GENERAL
Nota general Tema: Discusión del presupuesto del Ministerio de Fomento.
651 #4 - PUNTO DE ACCESO ADICIONAL DE MATERIA--NOMBRE GEOGRÁFICO
Nombre geográfico España-
Subdivisión general Historia-
Subdivisión cronológica 1874-1885, Alfonso XII.
9 (RLIN) 8265
852 ## - LOCALIZACIÓN
Ubicación ES-MaACL
Número de control de estantería L-4912 (20-6)
852 ## - LOCALIZACIÓN
Ubicación ES-MaACL
Número de control de estantería T-246-F-1
Holdings
Estatus retirado Estado de pérdida Estado de daño No para préstamo Colección Biblioteca de origen Biblioteca actual Ubicación en estantería Fecha de adquisición Fuente de adquisición Total de préstamos Signatura topográfica completa Código de barras Visto por última vez Precio de reemplazo Tipo de ítem Koha
        Colección de folletos Biblioteca del Ateneo de Madrid Biblioteca del Ateneo de Madrid Depósito folletos 17/01/2008     T-246-F-1 1042549 23/02/2023 23/02/2023 Folleto
        Libros del s. XIX Biblioteca del Ateneo de Madrid Biblioteca del Ateneo de Madrid Depósito 2 17/01/2008     L-4912 (20-6) 1042548 23/02/2023 23/02/2023 Libro impreso antiguo